| 000 | 00860nab a2200253 u 4500 | ||
|---|---|---|---|
| 001 | 06787 | ||
| 003 | HDC | ||
| 007 | cr bn --- | ||
| 008 | 210124p2009 xx n |0 eng | ||
| 040 | _aHDC | ||
| 100 |
_aMohani Abdul, _eauthor _949 |
||
| 245 | 0 |
_aConsumer decision making process in shopping for halal food in Malaysia / _cby Mohani Abdul |
|
| 260 |
_a[No place] : _b[publisher not identified], _c2009 |
||
| 300 | _a1 online resource (9 pages) | ||
| 336 |
_atext _2rdacontent |
||
| 337 |
_acomputer _2rdamedia |
||
| 338 |
_aonline resource _2rdacarrier |
||
| 650 |
_aHalal food _950 |
||
| 650 |
_aMuslims _9247 |
||
| 856 | _zRequest full-text at [email protected] | ||
| 942 | _2lcc | ||
| 942 | _cAR | ||
| 942 | _kJART 000112 | ||
| 999 |
_c4111 _d4111 |
||